000
00185 a2200097 4500
001
8816
100
_a
Wheeler C B
245
_a
Six plays
260
_a
_b
Oxfor
_c
090
_c
7056
_d
7056
942
_a
NUST-CAE
_c
M
_c
33663
999
_c
243889
_d
243889